00285nam a2200109Ia 4500008004100000041001200041100002100053245007300074260000600147650000600153700001600159221030s9999 xx 000 0 und d aEnglish aG. P. Srivastava 0aMicrowave Devices & Circuit Designcby G. P. Srivastava, V. L. Gupta c0 aB aV. L. Gupta